| 000 | 00000nam 2200000za 4500 |
| 001 | 9.632500 |
| 003 | CaOODSP |
| 005 | 20210921101634 |
| 007 | cr ||||||||||| |
| 008 | 150407s2006 onc|||||o f|0| 0 fre d |
| 020 | |a0-662-71066-5 |
| 040 | |aCaOODSP|bfre |
| 043 | |an-cn--- |
| 086 | 1 |aIu20-1/2006F-PDF |
| 110 | 1 |aCanada. |bBureau de la consommation. |
| 245 | 10|aGuide du consommateur canadien 2006 |h[ressource électronique]. |
| 260 | |aOttawa : |bIndustrie Canada, |c2006. |
| 300 | |a83 p. : |bill., références. |
| 500 | |a« Un consommateur averti sait se renseigner » |
| 500 | |a « Ce guide pratique sur les droits des consommateurs vous présente des conseils, un aide-mémoire sur les points à surveiller et un répertoire de ressources utiles » |
| 590 | |a06-11-Supp|b2006-10-10 |
| 691 | 07|aProtection du consommateur|2gcpds |
| 775 | 08|tCanadian consumer handbook 2006 |w(CaOODSP)9.688065 |
| 794 | |tGuide du consommateur canadien 2007 |w(CaOODSP)9.633802 |
| 856 | 40|ahttp://publications.gc.ca|qPDF|s405 Ko|uhttps://publications.gc.ca/collections/Collection/Iu20-1-2006F.pdf |
| 986 | |aN° 54393F |